| 000 | 00378nam a2200145Ia 4500 | ||
|---|---|---|---|
| 008 | 220204s9999 xx 000 0 und d | ||
| 082 |
_a577.1:536.6 _bBRO |
||
| 245 | 0 | _aBiochemical microcalorimetry | |
| 260 |
_aNew York _bAcademic _c1969 |
||
| 650 | _aBiochemical substances | ||
| 650 | _aCalorimetry | ||
| 650 | _aCarbohydrate | ||
| 700 | _aBROWN, Harry Darrow | ||
| 942 | _cBK | ||
| 999 |
_c25877 _d25877 |
||